| 000 | 00705nam a2200217Ia 4500 | ||
|---|---|---|---|
| 999 |
_c21415 _d21415 |
||
| 003 | OSt | ||
| 005 | 20210928163408.0 | ||
| 008 | 160316s2004 xxu||||| |||| 00| 0 eng d | ||
| 020 | _a9780813533803 | ||
| 040 | _cn | ||
| 082 |
_a306.850000 _bCHA |
||
| 100 | _aChaterjee Indrani | ||
| 245 | _aUnfamiliar relations : Family and history in South Asia | ||
| 260 |
_aDelhi _bPermanent Black _c2004 |
||
| 300 | _a302p | ||
| 365 | _b Rs.695 | ||
| 650 | _a1. Family - History - South Asia2. Households - South Asia3. Social Conditions - South Asia | ||
| 700 |
_a _a |
||
| 856 | _uhttps://www.google.co.in/books/edition/Unfamiliar_Relations/uw-URFiJDgAC?hl=en&gbpv=1&printsec=frontcover | ||
| 942 |
_2ddc _cBK |
||